| 000 | 00471nam a22001697a 4500 | ||
|---|---|---|---|
| 005 | 20251108171237.0 | ||
| 008 | 250721s1987 xx 000 0 ara d | ||
| 082 | 1 | 4 | _aط/539/ذرا |
| 245 | 1 | 0 | _aالذرات والإلكترونات / |
| 264 | 1 |
_aجنيف : _bشركة ترادكسيم، _c1987. |
|
| 300 | _a160ص : مص | ||
| 490 | 0 | _aكتاب المعرفة | |
| 650 | 1 | 7 | _aالذرات |
| 650 | 1 | 7 | _aالألكترونات |
| 942 |
_2ddc _cBK |
||
| 999 |
_c60300 _d60300 |
||